Opravné položky v účtovníctve vybranej účtovnej jednotky bakalárska práca

Saved in:
Bibliographic Details
Main Author: Ondrovič, Patrik
Corporate Author: Fakulta hospodárskej informatiky EU. Katedra účtovníctva a audítorstva
Other Authors: Ballová, Martina, 1985-
Format: Book
Language:Slovak
Published: Bratislava 2024
Tags: Add Tag
No Tags, Be the first to tag this record!

MARC

LEADER 00000nbm a2200000 4500
001 0302645
005 20250904110953.8
041 0 |a slo 
044 |a SK 
245 1 0 |a Opravné položky v účtovníctve vybranej účtovnej jednotky  |b bakalárska práca  |c Patrik Ondrovič ; školiteľ: Martina Ballová 
264 1 |a Bratislava  |c 2024 
300 |a 48 s. 
100 1 |a Ondrovič, Patrik 
700 1 |a Ballová, Martina, 1985- 
710 2 |a Fakulta hospodárskej informatiky EU. Katedra účtovníctva a audítorstva